000 00353nam a22001457a 4500
020 _a81-88759-88-2
082 _a823
_bJUD/B
100 _aJUDE, BRIAN
245 _aTHE BEST OF GOPAL & PARAMANAND
_bHUMOUROUS STORY
260 _aCHENNAI
_bSPIDER BOOKS
_c2009
300 _a126
520 _aHUMOUROUS STORY
650 _aSHORT STORY
_zKERALA
942 _cBK
999 _c3532
_d3532